Towards zero housing - lessons from Nothern Europe (Record no. 107046)

MARC details
000 -LEADER
fixed length control field 00395cam a22001455a 4500
001 - CONTROL NUMBER
control field L138181
008 - FIXED-LENGTH DATA ELEMENTS--GENERAL INFORMATION
fixed length control field 070521s2007 xxk f 000 0 eng d
035 ## - SYSTEM CONTROL NUMBER
System control number (Sirsi) u138181
041 0# - LANGUAGE CODE
Language code of text/sound track or separate title eng
100 1# - MAIN ENTRY--PERSONAL NAME
Personal name Courtney, Roger
245 00 - TITLE STATEMENT
Title Towards zero housing - lessons from Nothern Europe
260 ## - PUBLICATION, DISTRIBUTION, ETC.
Place of publication, distribution, etc. Department of Trade and Industry
Date of publication, distribution, etc. 2007
651 #4 - SUBJECT ADDED ENTRY--GEOGRAPHIC NAME
Geographic name England and Wales
Chronological subdivision 1543-
942 ## - ADDED ENTRY ELEMENTS (KOHA)
Suppress in OPAC 0

No items available.